El espíritu me ordenó que fuera
Сохранить в:
| Главный автор: | |
|---|---|
| Формат: | |
| Язык: | испанский |
| Опубликовано: |
Logos International.
1963.
|
| Предметы: | |
| Метки: |
Добавить метку
Нет меток, Требуется 1-ая метка записи!
|
MARC
| LEADER | 00000nam a22000005a 4500 | ||
|---|---|---|---|
| 001 | 11283 | ||
| 003 | CL-ChBUA | ||
| 005 | 20120815103324.0 | ||
| 008 | 070301s1963 xxu 000 0 spa | ||
| 040 | |a CL-ChBUA |c CL-ChBUA | ||
| 082 | 0 | 0 | |a 231.3 |
| 090 | |c 11283 |d 11283 | ||
| 100 | 1 | |a Du Plessis, David J. | |
| 245 | 1 | 0 | |a El espíritu me ordenó que fuera |
| 260 | |b Logos International. |c 1963. | ||
| 300 | |a 144 p. |c 18 cm. | ||
| 650 | 4 | |a CARISMATISMO. | |
| 942 | |c LIB | ||
| 952 | |0 0 |1 0 |4 0 |7 0 |9 16283 |a UNACH |b UNACH |c 200 |d 2007-03-05 |i 17.704. |l 2 |o 231.3 / D 935. |p 17282 |r 2025-06-24 17:04:09 |s 2025-06-18 |u 16283 |w 2012-08-08 |y LIB |k 231.3 / D 935. | ||
| 999 | |c 11283 |d 11283 | ||